Lyrics of the UEFA Champions League Anthem - Statistics

General Stats
  • This quiz has been taken 20 times
  • The average score is 23 of 53
Answer Stats
Answer % Correct
champions
100%
champions
100%
champions
100%
The
94%
The
94%
The
94%
the
94%
The
94%
are
61%
Besten
56%
Besten
56%
Besten
56%
die
56%
Die
56%
Die
56%
die
56%
Die
56%
Die
56%
les
50%
Les
50%
les
50%
Les
50%
équipes
44%
équipes
44%
équipes
44%
grande
44%
grandes
44%
grandes
44%
These
44%
sind
33%
sind
33%
meilleurs
28%
Meister
28%
Meister
28%
Sie
28%
Sie
28%
sont
28%
sont
28%
Ce
22%
event
22%
event
22%
Ils
22%
main
22%
main
22%
meilleures
17%
réunion
17%
Une
17%
Mannschaften
11%
allerbesten
6%
Eine
6%
große
6%
sportliche
0%
Veranstaltung
0%
No matching quizzes found
Score Distribution
Percent of People with Each Score
Percentile by Number Answered
Your Score History
You have not taken this quiz